Digestive system - Statistics

General Stats
  • This quiz has been taken 21 times
  • The average score is 4 of 10
Answer Stats
Answer % Correct
mouth
100%
stomach
56%
anus
44%
oesophagus
44%
rectum
44%
colon
33%
pharynx
28%
duodenum
22%
cecum
17%
ileum
17%
No matching quizzes found
Score Distribution
Percent of People with Each Score
Percentile by Number Answered
Your Score History
You have not taken this quiz